Dead scared #2 / S. J. Bolton.
Available copies
- 2 of 2 copies available at LARL/NWRL Consortium.
- 2 of 2 copies available at Lake Agassiz Regional Library. (Show preferred library)
Current holds
0 current holds with 2 total copies.
View other formats and editions
Show Only Available Copies
| Location | Call Number / Copy Notes | Barcode | Shelving Location | Status | Due Date |
|---|---|---|---|---|---|
| Crookston Public Library | M BOL (Text) | 33500010815124 | Main | Available | - |
| Moorhead Public Library | M BOL (Text) | 33500010815132 | Main | Available | - |
Record details
- ISBN: 9780312600532 :
- ISBN: 0312600534
- Physical Description: 378 p. : map ; 25 cm.
- Edition: 1st U.S. ed.
- Publisher: New York : Minotaur Books, 2012.
Content descriptions
| Summary, etc.: | Going undercover as a vulnerable college student ... Read More |
Search for related items by subject
| Subject: | Women detectives > England > London > Fiction. College students > Fiction. Suicide > Fiction. University of Cambridge > Fiction. Cambridge (England) > Fiction. |
| Genre: | Suspense fiction. Mystery fiction. |
Search for related items by series
| LDR | 01693cam a2200397Ia 4500 | ||
|---|---|---|---|
| 001 | 141631 | ||
| 003 | LARL_NWRL_CONSORTIUM | ||
| 005 | 20120612090328.0 | ||
| 008 | 111103s2012 nyub 000 1 eng d | ||
| 020 | . | ‡a9780312600532 : ‡c$25.99 | |
| 020 | . | ‡a0312600534 | |
| 035 | . | ‡a(OCoLC)759914077 | |
| 040 | . | ‡aBTCTA ‡beng ‡cBTCTA ‡dYDXCP ‡dBDX ‡dOMP ‡dLEO ‡dLIV ‡dILC ‡dGPI ‡dM$K | |
| 050 | 4. | ‡aPR6102.O49 ‡bD43 2012 | |
| 082 | 0 | 4. | ‡a823/.92 ‡222 |
| 100 | 1 | . | ‡aBolton, S. J. ‡0(LARL_NWRL_CONSORTIUM)198944 |
| 245 | 1 | 0. | ‡aDead scared ‡n#2 / ‡cS. J. Bolton. |
| 250 | . | ‡a1st U.S. ed. | |
| 260 | . | ‡aNew York : ‡bMinotaur Books, ‡c2012. | |
| 300 | . | ‡a378 p. : ‡bmap ; ‡c25 cm. | |
| 490 | 0 | . | ‡aLacey Flint ; ‡v2 |
| 520 | . | ‡aGoing undercover as a vulnerable college student when a suspicious rash of suicides occurs at Cambridge University, DC Lacey Flint finds her tragic past and insecurities rendering her a more susceptible target than she realized. | |
| 650 | 0. | ‡aWomen detectives ‡zEngland ‡zLondon ‡vFiction. ‡0(LARL_NWRL_CONSORTIUM)167991 | |
| 650 | 0. | ‡aCollege students ‡vFiction. ‡0(LARL_NWRL_CONSORTIUM)164244 | |
| 650 | 0. | ‡aSuicide ‡vFiction. ‡0(LARL_NWRL_CONSORTIUM)167423 | |
| 610 | 2 | 0. | ‡aUniversity of Cambridge ‡vFiction. |
| 651 | 0. | ‡aCambridge (England) ‡vFiction. ‡0(LARL_NWRL_CONSORTIUM)164404 | |
| 655 | 7. | ‡aSuspense fiction. ‡2gsafd | |
| 655 | 7. | ‡aMystery fiction. ‡2gsafd | |
| 948 | . | ‡hNO HOLDINGS IN LAL - 330 OTHER HOLDINGS | |
| 994 | . | ‡aZ0 ‡bLAL | |
| 901 | . | ‡a141631 ‡bOCLC ‡c141631 ‡tbiblio | |

Add to basket
Permalink
Disable Highlighting